[Event "Baunatal op 7th"]
[Site "Baunatal"]
[Date "2001.08.14"]
[Round "4"]
[White "Henneberg, Olga"]
[Black "Mirzakhanian, Antranik"]
[Result "1-0"]
[WhiteElo "1435"]
[BlackElo "1238"]
[PlyCount "121"]
[EventDate "2001.08.08"]
[EventType "swiss"]
[EventRounds "7"]
[EventCountry "GER"]
[SourceTitle "EXT 2002"]
[Source "ChessBase"]
[SourceDate "2001.11.25"]
[SourceVersion "1"]
[SourceVersionDate "2001.11.25"]
[SourceQuality "1"]

1. c4 c5 2. Nc3 Nc6 3. Nf3 Nf6 4. d4 d6 5. d5 Ne5 6. Nxe5 dxe5 7. e4 e6 8. Bg5 Be7 9. Bd3 0-0 10. 0-0 Ne8 11. Bxe7 Qxe7 12. f4 exf4 13. Rxf4 e5 14. Rf1 Qg5 15. Rf2 f5 16. exf5 Bxf5 17. Qf1 Nd6 18. Bxf5 Rxf5 19. Re1 Rxf2 20. Qxf2 Nxc4 21. Qxc5 Nxb2 22. d6 Nd3 23. Qd5+ Kh8 24. Qxd3 Rd8 25. Qe3 Qxe3+ 26. Rxe3 Rxd6 27. Rxe5 h6 28. Re8+ Kh7 29. Rb8 Rd7 30. Kf2 Rc7 31. Ne2 Rc2 32. Rxb7 Rxa2 33. Ke1 a5 34. Ra7 h5 35. h4 Kh6 36. Ra6+ g6 37. g3 Ra3 38. Kf2 a4 39. Nf4 Ra2+ 40. Kf3 Ra3+ 41. Kg2 Ra2+ 42. Kh3 a3 43. Nxg6 Kg7 44. Nf4 Ra1 45. Nxh5+ Kh7 46. Kg4 a2 47. Nf4 Kg7 48. Nd3 Rd1 49. Rxa2 Rxd3 50. Rf2 Rd4+ 51. Rf4 Rd5 52. Rf5 Rd6 53. Kf4 Ra6 54. Re5 Kg6 55. g4 Ra4+ 56. Re4 Ra5 57. h5+ Kh6 58. Re6+ Kh7 59. g5 Ra4+ 60. Kf5 Ra5+ 61. Kf6 1-0